000 02408cam a22004694i 4500
003 PE-LiUPU
005 20250731184558.0
008 150706s2010 pe r 000 0 d
035 _a(Sirsi) a49539
040 _aPE-LiUPU
_bspa
_cPE-LiUPU
_erda
049 _aPRUA
082 0 4 _a985.122
_bD
_221
245 0 1 _aPlan de manejo participativo del Páramo del sector Espíndola de la comunidad Campesina de Samanga, Ayabaca, Piura /
_cGabriela López S.
264 1 _aLima :
_bSupergráfica E.I.R.L.,
_c2010.
300 _a49 páginas :
_bilustraciones a color ;
_c19 cm.
336 _atext
_2rdacontent
337 _aunmediated
_2rdamedia
338 _avolume
_2rdacarrier
505 0 _aAspectos generales -- ¿Por qué un PMP? -- El marco del PMP -- Población participante y roles -- Metodología -- Etapas o pasos del plan de manejo participativo -- El plan de manejo participativo - PMP -- Participantes -- Algunos conceptos -- El plan de manejo participativo -- Visión de futuro -- Misión -- El diagnóstico socio-ecológico (DSE) y el análisis de amenazas -- Objetivo del PMP -- Metas o componentes del PMP del sector Espínola -- Estrategias ¿cómo se va a alcanzar los objetivos del PMP? -- Programación general de proyectos y acciones -- El plan de monitoreo y evaluación -- Zonificación -- Compartiendo los avances del Plan de manejo -- A nivel provincial -- A nivel regional -- Para terminar.
526 _aP136
526 _aP135
526 _aP134
526 _aP133
526 _aP144
526 _aP143
526 _aP87
526 _aP35
526 _aP20
526 _aP14
526 _aP10
526 _aP06
650 0 4 _aSamanga, comunidad de [Ayabaca, Piu. (Perú : Provincia)]
_xDesarrollo comunal
_vPlanificación.
700 1 _aLópez S., Gabriela,
_eed.
700 1 _aZúñiga Loayza, Carla,
_ecolab.
910 _bjv
_clch
_d20110517
942 _2ddc
_cBOOK
949 _a985.122 D 2Sa
_wDEWEY
_c1
_i62857
_lCCODEBUL1
_mBUL
_p12.00
_r0
_sY
_tLIBRO
_u2015-07-06
_xINGENIERIA
_PP24
_o.STAFF. Colección General
994 _aC0
_bPEPRU
596 _a1
999 _a985.122 D 2SA
_wDEWEY
_c51896
_i62857
_f2021-11-8
_g7
_lCCODEBUL1
_mBUL
_p12.00
_r0
_sY
_tBOOK
_u2015-7-6
_xBIBLIOTECA
_PP24
_0COMPRA
_o.STAFF. Colección Ingeniería y Arquitectura
_d51896
980 _81
_gALBERTO SANCHEZ Responsable de Automatización